| 000 | 01053aam a2200361 4500 | ||
|---|---|---|---|
| 005 | 20250730152955.0 | ||
| 008 | 150513b2004 xxu||||| |||| 00| | spa d | ||
| 020 | _a9788408143987 | ||
| 041 | _aESP | ||
| 082 | _a658.409.2 C873s | ||
| 100 | _aCovey, Stephen | ||
| 245 | _aLos 7 hábitos de la gente altamente efectiva | ||
| 260 | _aEspaña | ||
| 260 | _bBooket | ||
| 260 | _c2017 | ||
| 300 | _a452 páginas | ||
| 490 | _aDirección y Administración de Empresas | ||
| 505 | _aParte I. Paradigmas y principios Parte II. Victoria Privada Parte III. Victoria Pública | ||
| 650 | _aLIDERAZGO EJECUTIVO | ||
| 650 | _aPERSONALIDAD | ||
| 650 | _aÉTICA DEL CARÁCTER | ||
| 650 | _aHÁBITOS DEFINIDOS | ||
| 650 | _aTIPOS DE BIENES | ||
| 650 | _aSER PROACTIVO | ||
| 650 | _aCOMENZAR CON UN FIN EN MENTE | ||
| 650 | _aPENSAR GANAR -GANAR | ||
| 650 | _aBUSCAR PRIMERO ENTENDER, LUEGO SER ENTENDIDO | ||
| 650 | _aSINERGIZAR | ||
| 650 | _aDELEGACIÓN | ||
| 650 | _aPROACTIVIDAD | ||
| 650 | _aCOMUNICACIÓN | ||
| 942 |
_cLIT _2ddc |
||
| 999 |
_c10505 _d10505 |
||